| 000 | 00335nam a2200145Ia 4500 | ||
|---|---|---|---|
| 008 | 200615s9999||||xx |||||||||||||| ||und|| | ||
| 020 | _a9798174464964 | ||
| 082 |
_a650 _bMAN-M |
||
| 100 | _aMOHANTY,RP | ||
| 245 | 0 | _aMANAGING HUMAN CAPITAL | |
| 250 | _a1ST | ||
| 260 |
_aNew Delhi _bEXCEL BOOKS _c2018 |
||
| 300 | _a446 | ||
| 942 | _cBK | ||
| 999 |
_c27577 _d27577 |
||